Biblioteca

La balada del café triste (Registro nro. 67998)

Detalles MARC
000 -LÍDER
Campo fijo de descripción fija 02180nam a2200193 i 4500
001 - NÚMERO DE CONTROL
Campo de control 768714001
003 - IDENTIFICADOR DEL NÚMERO DE CONTROL
Campo de control CO-MdFUSB
005 - FECHA Y HORA DE LA ULTIMA TRANSACCIÓN
control field 20220725161027.0
008 - ELEMENTOS DE LONGITUD FIJA -- INFORMACIÓN GENERAL
Campo fijo de descripción fija -- Información general 220725t1984 ck |||| |||| 00| 0 spa d
040 ## - FUENTE DE CATALOGACIÓN
Idioma de catalogación spa
Agencia que realiza la transcripción CO-MdFUSB
Agencia que realiza la modificación CO-MdFUSB
041 ## - CÓDIGO DE IDIOMA
Código de idioma para texto/pista de sonido o título separado spa
100 ## - ASIENTO PRINCIPAL--NOMBRE PERSONAL
Nombre personal McCullers, Carson,
Término relacionador autor
245 #3 - TÍTULO
Título La balada del café triste
Mención de responsabilidad / Carson McCullers
300 ## - DESCRIPCIÓN FÍSICA
Extensión Volumen 10, (1984) páginas 293 - 387 ;
Dimensiones 22 cm
520 ## - NOTA DE RESUMEN, ETC.
Nota de sumario, etc. La balada de un café triste» es el relato de un extraño desaguisado amoroso, con final a mano limpia entre sus contendores, enfrentando lo masculino al vigor femenino, que cuenta la historia de Amelia, la dueña de una tienda de un poblado del sur de Estados Unidos, que se enamora de un jorobado que dice ser su primo y que, con su labia y desparpajo, primero se hace dueño de una parte de la casa de Amelia hasta apropiarse luego no solo de todo el café, sino que de cada uno de los pensamientos de la mujer. Ello hasta que aparece el patibulario exesposo y el relato desencadena en batalla y tragedia. Esta historia, pequeñísima en su anécdota, pone en juego una serie de detalles en sus personajes, dobleces y dificultades, que hacen que la narración crezca en profundidad. Porque este trio de personajes que se nos presentan como supuestamente monstruosos —un jorobado encantador y ladino, una mujerona que no se somete a la hegemonía masculina pero que es doblegada cabalmente por el amor, y un hombre que busca venganza, incapaz de superar su propio pasado y crecer— no están ahí para constituir una fauna amena, sino que son escogidos a postas para producir un profundo quiebre y extrañeza en el lector, el que no es tanto por sus peculiaridades exteriores, que existen, sino que en su comportamiento que no se somete a los márgenes sociales prestablecidos. Son monstruos, no porque puedan ser deformes, sino que porque hay algo en ellos que pugna con la normalidad, desde su carácter profundamente humano por el que sufren y luchan.
650 #7 - ASIENTO SECUNDARIO DE MATERIA - TERMINO TEMÁTICO
9 (RLIN) 2493
Término temático o nombre geográfico como elemento de entrada Literatura norteamericana
773 0# - ASIENTO DE ITEM FUENTE
Biblionumber 67924
Itemnumber 81149
Asiento principal Oveja Negra,
Otro identificador del ítem 24699
Título Maestros de la literatura universal
Número de control del registro (CO-MdFUSB)768714001
International Standard Book Number 8482806718
942 ## - TIPO DE MATERIAL (KOHA)
Tipo de Item KOHA Libros General

No hay ítems disponibles.

Biblioteca FUSBC | Teléfono: (57+4) 349 88 10 Ext. 141| WhatsApp (+57) 3005338115 
E-mail: biblioteca@unisbc.edu.co | Calle 76 87-14 Robledo Palenque, Medellín, Colombia

Con tecnología Koha